|
|
|
|
| LEADER |
00951nam a22002177a 4500 |
| 001 |
27262 |
| 003 |
BD-DhAAL |
| 008 |
131108s2013 bg ||| | ||| f00| 0 eng d |
| 040 |
|
|
|a BD-DhAAL
|c BD-DhAAL
|
| 082 |
|
|
|a 354/.549/200722
|
| 100 |
|
|
|a Muhith, Abul Maal Abdul
|9 3490
|
| 245 |
|
|
|a Four years of progress :
|b Bangladesh marches on : budget spech 2013-2014 /
|c Abul Maal Abdul Muhith
|
| 260 |
|
|
|a Dhaka :
|b Ministry of Finance, Government of the People's Republic of Bangladesh,
|c 2013
|
| 300 |
|
|
|a v, 183 p. :
|b ill. ;
|c 24 cm.
|
| 541 |
|
|
|e 27672
|
| 650 |
|
|
|a Budget
|z Bangladesh
|9 3491
|
| 710 |
|
|
|a Government of the People's Republic of Bangladesh
|b Ministry of Finance
|9 3492
|
| 852 |
|
|
|a Ayesha Abed Library
|c General Stacks
|
| 942 |
|
|
|2 ddc
|c BK
|
| 999 |
|
|
|c 14079
|d 14079
|
| 952 |
|
|
|0 0
|1 0
|2 ddc
|4 0
|6 354_549200722000000_MUH
|7 0
|9 23667
|a BRACUL
|b BRACUL
|c GEN
|d 2013-11-08
|e Development Book Agency
|g 600.00
|l 0
|o 354.549200722 MUH
|p 3010027672
|r 2013-11-08
|t 1
|w 2013-11-08
|y BK
|